The poems of Samuel Taylor Coleridge / (Record no. 45376)

MARC details
000 -LEADER
campo de control de longitud fija 00674nam a2200205 i 4500
001 - NÚMERO DE CONTROL
campo de control 45376
003 - IDENTIFICADOR DE NÚMERO DE CONTROL
campo de control ES-MaACL
005 - FECHA Y HORA DE LA ÚLTIMA TRANSACCIÓN
campo de control 20230906161216.0
007 - CAMPO FIJO DE DESCRIPCIÓN FÍSICA--INFORMACIÓN GENERAL
campo de control de longitud fija t|
008 - DATOS DE LONGITUD FIJA--INFORMACIÓN GENERAL
campo de control de longitud fija 030325s1860 ddr ||||1| eng d
080 ## - NÚMERO DE LA CLASIFICACIÓN DECIMAL UNIVERSAL
Número de la Clasificación Decimal Universal 821.111-14"18"
100 1# - ENTRADA PRINCIPAL--NOMBRE DE PERSONA
Nombre de persona Coleridge, Samuel Taylor.
9 (RLIN) 39581
245 14 - MENCIÓN DEL TÍTULO
Título The poems of Samuel Taylor Coleridge /
Mención de responsabilidad, etc. edited by Derwent and Sara Coleridge ; with a biographical memoir by Ferdinand Freiligrath.
260 ## - PUBLICACIÓN, DISTRIBUCIÓN, ETC.
Lugar de publicación, distribución, etc. Leipzig :
Nombre del editor, distribuidor, etc. Bernhard Tauchnitz,
Fecha de publicación, distribución, etc. 1860.
300 ## - DESCRIPCIÓN FÍSICA
Extensión 344 p. ;
Dimensiones 16 cm.
700 1# - ENTRADA AGREGADA--NOMBRE PERSONAL
Nombre de persona Coleridge, Derwent.
9 (RLIN) 39580
700 1# - ENTRADA AGREGADA--NOMBRE PERSONAL
Nombre de persona Coleridge, Sara.
9 (RLIN) 39582
700 1# - ENTRADA AGREGADA--NOMBRE PERSONAL
Nombre de persona Freiligrath, Ferdinand.
9 (RLIN) 52451
852 ## - LOCALIZACIÓN
Ubicación ES-MaACL
Número de control de estantería G-12897
Holdings
Estatus retirado Estado de pérdida Estado de daño No para préstamo Colección Biblioteca de origen Biblioteca actual Ubicación en estantería Fecha de adquisición Fuente de adquisición Total de préstamos Signatura topográfica completa Código de barras Visto por última vez Precio de reemplazo Tipo de ítem Koha
        Libros del s. XIX Biblioteca del Ateneo de Madrid Biblioteca del Ateneo de Madrid Sala Pecera Planta 3 17/01/2008     G-12897 1047745 23/02/2023 23/02/2023 Libro impreso antiguo